Normal view
MARC view
Entry Topical Term
001 - CONTROL NUMBER
- control field: 5296
003 - CONTROL NUMBER IDENTIFIER
- control field: BD-RjUL
005 - DATE AND TIME OF LATEST TRANSACTION
- control field: 20221017152023.0
008 - FIXED-LENGTH DATA ELEMENTS
- fixed length control field: 221017|| aca||aabn | a|a d
040 ## - CATALOGING SOURCE
- Original cataloging agency: BD-RjUL
- Transcribing agency: BD-RjUL
150 ## - HEADING--TOPICAL TERM
- Topical term or geographic name entry element: Biological Systems
- General subdivision: Chemical technologies
670 ## - SOURCE DATA FOUND
- Source citation: Work cat.: (BD-RjUL)80549: Talukdar, Muhammad Waliullah 5295, BIOLOGICAL ACTIVITIES OF CLERODENDRUM VISCOSUM VENT :, 2012